|
|
|
|
| LEADER |
00708ncm a22002052a 4500 |
| 001 |
001261274 |
| 003 |
CZ BrMZK |
| 005 |
20121029150922.0 |
| 007 |
qu |
| 008 |
121026s1961 hu |||||||||||||||||zxx d |
| 040 |
|
|
|a BOA001
|b cze
|
| 072 |
|
7 |
|a 787
|x Hudba pro strunné a smyčcové nástroje
|2 Konspekt
|9 9
|
| 100 |
1 |
|
|a Dohnányi, Ernő,
|d 1877-1960
|7 jn20010601278
|4 cmp
|
| 245 |
1 |
0 |
|a Quartett A moll No. 3, op. 33
|h [hudebnina] :
|b Stimmen /
|c Ernő Dohnányi
|
| 260 |
|
|
|a Budapest :
|b Editio Musica,
|c 1961
|
| 300 |
|
|
|a 4 hlasy (16, 16, 15, 15 s.)
|
| 910 |
|
|
|a BOA001
|b Mus4-0490.221
|
| 990 |
|
|
|a MU
|
| 991 |
|
|
|b 201210
|
| 996 |
6 |
|
|b 2619076154
|c Mus4-0490.221
|l MZK
|r Sklad / do 1 hodiny
|n 0
|w 001295116
|u 000010
|a 1
|e BOA001
|j MZK50
|s P
|